[Sobre uns pressupostos per a l'administració de Sardenya (1338-1344) / Maria Mercè Costa i Paretas]
Descripción Física:
p. 395-415 ; 24 cm
MARC
| LEADER | 00000nam a2200000Ia 4500 | ||
|---|---|---|---|
| 001 | 17565 | ||
| 008 | 160829s1965 xx 000 0 cat d | ||
| 080 | |a FU-2-35 | ||
| 100 | |a Costa i Paretas, Maria Mercè |9 20482 | ||
| 245 | |a [Sobre uns pressupostos per a l'administració de Sardenya (1338-1344) / Maria Mercè Costa i Paretas] | ||
| 260 | |a Barcelona : |b A. Núñez Impressor, |c 1965 | ||
| 300 | |a p. 395-415 ; |c 24 cm | ||
| 590 | |a Homenatge a Jaume Vicens i Vives, vol. 1. | ||
| 590 | |a Apèndix en llatí. | ||
| 590 | |a Prové de S-19, exp. 1 del currículum per la plaça d'arxiver de la Corporació, 1966 | ||
| 650 | |a Sardenya |x Assignacions pressupostàries i despeses |x Segle XIV |9 46609 | ||
| 901 | |a Arxiu | ||
| 942 | |n 1 | ||
| 952 | |0 0 |1 0 |4 0 |6 FU235 |7 1 |9 53314 |a Arxiu |b Arxiu |d 2016-12-01 |l 0 |o FU-2-35 |p 17565 |r 2016-12-01 00:00:00 |w 2016-12-01 |y ARXIU | ||
| 999 | |c 57178 |d 57178 | ||